| 000 | 00000nam##2200000za#4500 |
| 001 | 9.648381 |
| 003 | CaOODSP |
| 005 | 20231123084323 |
| 007 | ta |
| 008 | 150407|2002||||xxc||||| f|0| 0 eng|d |
| 020 | |a0-662-31268-6 |
| 040 | |aCaOODSP|beng |
| 043 | |an-cn--- |
| 086 | 1 |aE2-171/2002-1E |
| 110 | 1 |aCanada. |bForeign Affairs and International Trade Canada. |
| 245 | 10|aCanadian performers: how to enter the United States : |bquick reference guide |
| 260 | |aOttawa - Ontario : |bForeign Affairs and International Trade |c2002. |
| 300 | |a4p. : |breferences ; |c22 cm. |
| 563 | |aSoftcover |
| 590 | |a02-38|b2002-09-20 |
| 690 | 07|aBorder crossing|2gcpds |
| 690 | 07|aCanadian-American relations|2gcpds |
| 690 | 07|aLabour law|2gcpds |
| 690 | 07|aPerforming arts|2gcpds |
| 775 | 08|tSe produire aux États-Unis: le guide des artistes de spectacle : |w(CaOODSP)9.681925 |
| 776 | 0#|tCanadian performers - how to enter the United States : |w(CaOODSP)9.686341 |